000 00534nam a2200181Ia 4500
005 20250508150427.0
008 008 250505s9999 xx 000 0 eng d
037 _aTextual
040 _aFEDL
_beng
_cFEDL
041 _aeng
_2eng
084 _a153, JEP
_qFEDL
100 _aJepson R. W.
_941247
245 0 _aClear thinking: An elementary course of preparation for citizenship
260 _aLondon, UK
_bLongmans, Green and Co.
_c1948
300 _aix,256p
942 _cTEXL
_h153, JEP
999 _c1323580
_d1323580